Abnormal psychology, current perspectives / (Record no. 15291)

000 -LEADER
fixed length control field 00524cam a2200193 i 4500
020 ## - INTERNATIONAL STANDARD BOOK NUMBER
ISBN 0394322819
040 ## - CATALOGING SOURCE
Transcribing agency DLC
082 00 - DEWEY DECIMAL CLASSIFICATION NUMBER
Classification number 616 RAN 1980 A055 Or.
245 00 - TITLE STATEMENT
Title Abnormal psychology, current perspectives /
250 ## - EDITION STATEMENT
Edition statement 3d ed.
260 ## - PUBLICATION, DISTRIBUTION, ETC. (IMPRINT)
Place of publication New York :
Name of publisher Random House,
Year of publication c1980.
300 ## - PHYSICAL DESCRIPTION
Number of Pages x, 568, liv p. :
Other physical details ill. ;
Dimensions 26 cm.
500 ## - GENERAL NOTE
General note Includes indexes.
650 #0 - SUBJECT ADDED ENTRY--TOPICAL TERM
Topical Term Psychology, Pathological.
650 #2 - SUBJECT ADDED ENTRY--TOPICAL TERM
Topical Term Psychopathology.
700 1# - ADDED ENTRY--PERSONAL NAME
Personal name Bootzin, Richard R.,
700 1# - ADDED ENTRY--PERSONAL NAME
Personal name Acocella, Joan Ross.
942 ## - ADDED ENTRY ELEMENTS (KOHA)
Koha item type សៀវភៅភាសាអង់គ្លេស
952 ## - LOCATION AND ITEM INFORMATION (KOHA)
Withdrawn status [LOCAL, KOHA] 0
Holdings
Permanent Location Date acquired Koha item type Lost status Shelving location Barcode Current Location Full call number
Library Block A2017-11-15សៀវភៅភាសាអង់គ្លេស A055A06350Library Block A616 RAN 1980 A055 Or.
មជ្ឈមណ្ឌលឯការនៃសាកលវិទ្យាល័យភូមិន្ទកសិកម្មចំការដូង

Powered by Koha